LEADER 01166nam a2200277 i 4500 001 000000070953 003 CaOOAMICUS 005 20060721000000.0 008 060721s1999 it u000 u ita u 013 $a42125 020 $a88-213-0422-1 040 $aSeMil$bita 100 1 $aRosso, Stefano <1931- >.$0(OLS)http://semarc/name/15206 245 13$aUn popolo di sacerdoti :$bsaggio di liturgia fondamentale /$cStefano Rosso. 260 $aRoma :$bLAS,$ccopyr. 1999. 300 $a396 p. ;$c24 cm. 490 0 $aBiblioteca di scienze religiose ;$v155 500 $aContiene : Bibliografia generale. 650 4$aLiturgia fondamentale - Saggi.$0(OLS)http://semarc/subject/14170 830 0$aBiblioteca di scienze religiose ;$v155.$0(OLS)http://semarc/title/239 850 $aSeMil 852 $aSeMil$W1$xVenegono$y1$m2UA C 155$j228566$B37106$CSeMilBibl$Z2$F37109 $81 961 $aOmaggio: Scuola Cattolica 996 $6020$a88-213-0422-1$9(OLS)http://semarc/number/49849 996 $6245$aUn popolo di sacerdoti :$bsaggio di liturgia fondamentale$9(OLS)http://semarc/title/114034 996 $6260$aRoma :$bLAS$9(OLS)http://semarc/publisher/29900 LEADER 00904nam a2200229 i 4500 001 000000210446 003 CaOOAMICUS 005 20120126000000.0 008 120126s1963 it u000 u ita u 013 $a189259 040 $aSeMil$bita 100 1 $aCattaui de Menasce, Giovanni .$0(OLS)http://semarc/name/92127 245 12$aL'assistenza ieri ed oggi /$cG. Cattaui de Menasce. 260 $aRoma :$bStudium,$ccopyr. 1963. 300 $a199 p. ;$c17 cm. 490 0 $aUniversale Studium ;$v88 650 4$aAssistenza sociale - Storia.$0(OLS)http://semarc/subject/39197 830 0$aUniversale Studium ;$v88.$0(OLS)http://semarc/title/6856 850 $aSeMil 852 $aSeMil$W1$xVenegono$y1$m3M I 423$j263416$B160893$CSeMilBibl$Z2$F171958 $81 996 $6245$aL'assistenza ieri ed oggi$9(OLS)http://semarc/title/304197 996 $6260$aRoma :$bStudium$9(OLS)http://semarc/publisher/29617